000 00371nam a2200145 i 4500
001 bg
245 0 _aEkonomika transportu /
_cpod red. Andrzeja Piskozuba.
260 _aWarszawa,
_c1978.
700 1 _aPiskozub, Andrzej.
_eRed.
040 _cBPK
041 _apol
080 _a338.47+658.1/.5.003:656](075.8)
942 _cKS
008 s pl f |000 0 pol
999 _c9986
_d9986
856 _uhttp://koha.tu.koszalin.pl/cgi-bin/koha/opac-detail.pl?biblionumber=9986
_yKatalog online BPK